| 000 | 01196 a2200229 4500 | ||
|---|---|---|---|
| 020 | _a9004113711 | ||
| 020 | _a9789004113718 | ||
| 082 | 0 | 4 | _a954.0350882971 |
| 090 |
_c1519 _d1519 |
||
| 100 | 1 | _aQureshi, M. Naeem. | |
| 245 | 1 | 0 |
_aPan-islam in british indian politics : _ba study of the khilafat movement, 1918-1924 / _cM. Naeem Qureshi. |
| 250 | _aillustrated edition ed. | ||
| 260 |
_a[S.l.] : _bBrill Academic Publishers, _c1999. |
||
| 300 |
_a543 p. ; _c25 cm. |
||
| 490 | 1 | _aSocial, economic and political studies of the middle east and asia. | |
| 500 | _aHardcover. | ||
| 520 | _aThis work shows links between pan-Islam and nationalist movements in the 19th and 20th centuries, focusing on the Khilafat movement (1918-1924). Using a variety of archive and source material the book examines the transition of Muslim politics from pan-Islam to territorial nationalism. | ||
| 830 | 0 | _aSocial, economic and political studies of the middle east and asia. | |
| 856 | 4 | 0 |
_3Amazon.com _uhttp://www.amazon.com/exec/obidos/ASIN/9004113711/chopaconline-20 |
| 856 | 4 | 0 |
_3Amazon customer reviews _uhttp://www.chopac.org/cgi-bin/tools/azrev.pl?q=9004113711 |
| 942 |
_aNBS _cBK _k954.0350882971 PAN |
||
| 999 |
_c344038 _d344038 |
||